Bella Donna. Paní Mantovy /
Volné pokračování historického románu německé autorky odehrávající se v první polovině 16. století.
Uloženo v:
| Série: | Bella Donna,
část 2 |
|---|---|
| Hlavní autor: | |
| Další autoři: | |
| Médium: | E-kniha |
| Jazyk: | Czech |
| Vydáno: |
Brno :
MOBA,
2023
|
| Vydání: | Vydání první |
| Edice: | Historický román (MOBA)
|
| Témata: | |
| Příbuzné jednotky: | Z cyklu::
Bella Donna |
| Tagy: |
Žádné tagy |
| LEADER | 02767nam a2200529 i 4500 | ||
|---|---|---|---|
| 001 | 311965 | ||
| 003 | CZ PrSKC | ||
| 005 | 20260601215714.0 | ||
| 007 | ta | ||
| 008 | 230622s2023 xr g 000 f cze | ||
| 015 | |a cnb003521089 | ||
| 020 | |a 9788027908110 |q (vázáno) | ||
| 035 | |a (OCoLC)1393198881 | ||
| 040 | |a ABG001 |b cze |d ABA001 |e rda | ||
| 041 | 1 | |a cze |h ger | |
| 072 | 7 | |a 821.112.2-3 |x Německá próza, německy psaná |2 Konspekt | |
| 080 | |a 821.112.2-31 |2 MRF | ||
| 080 | |a (0:82-311.6) |2 MRF | ||
| 100 | 1 | |a Aurel, Catherine, |d 1975- |7 xx0278122 |4 aut | |
| 240 | 1 | 0 | |a Bella Donna - die Herrin von Mantua. |l Česky |
| 245 | 1 | 0 | |a Bella Donna. |p Paní Mantovy / |c Catherine Aurel ; překlad Dagmar Hoangová |
| 246 | 3 | 0 | |a Paní Mantovy |
| 250 | |a Vydání první | ||
| 264 | 1 | |a Brno : |b MOBA, |c 2023 | |
| 300 | |a 319 stran ; |c 21 cm | ||
| 336 | |a text |b txt |2 rdacontent | ||
| 337 | |a bez média |b n |2 rdamedia | ||
| 338 | |a svazek |b nc |2 rdacarrier | ||
| 490 | 1 | |a Historický román | |
| 500 | |a Přeloženo z němčiny | ||
| 500 | |a V německém originálu je dílo prvním svazkem souboru "Die Töchter-Italiens" | ||
| 520 | 2 | |a Volné pokračování historického románu německé autorky odehrávající se v první polovině 16. století. |b Právě si odpřisáhli věčnou lásku, teď ale musí mladá kupecká dcera Calla del Giocondo se svým milencem uprchnout z města. Samuele, dědic kosmetického impéria Bellani, je totiž obviněný, že otrávil jednu ze svých zákaznic. Jen šťastnou náhodou najde mladá dvojice útočiště u dvora v Mantově. Díky svým znalostem tajných receptur prostředků krásy získá Samuele přízeň pyšné a umění milující vévodkyně z Mantovy. Calla ale sleduje vlastní sen. Podporována synem panovnice, který se o ni neúnavně uchází, se učí číst a učiní přitom objev, který může stát mladý pár život. Nakladatelská anotace. | |
| 546 | |a Český text | ||
| 655 | 7 | |a německé romány |7 fd132945 |2 czenas | |
| 655 | 7 | |a historické romány |7 fd132414 |2 czenas | |
| 655 | 9 | |a German fiction |2 eczenas | |
| 655 | 9 | |a historical novels |2 eczenas | |
| 700 | 1 | |a Hoangová, Dagmar |7 xx0068788 |4 trl | |
| 765 | 1 | |t Herrin von Mantua | |
| 765 | 1 | |t Töchter Italiens | |
| 787 | 0 | 8 | |i Z cyklu: |t Bella Donna |g 2 |
| 830 | 0 | |a Historický román (MOBA) | |
| 900 | |a ABA001 |b 20 | ||
| 044 | |a xr | ||
| 910 | |a RBIT002 | ||
| 998 | |d 378612 |a https://core.palmknihy.cz/api/books/378612/cover?rvxgai |b https://core.palmknihy.cz/api/books/378612/cover/400?rvxgai |c https://core.palmknihy.cz/api/books/378612/cover/50?rvxgai |e 2027-06-30 |g 320 |i 9788027908110 |j https://core.palmknihy.cz/api/books/378612/preview.epub |l |q 49 |r 1 |s https://www.palmknihy.cz/kniha/378612 |t ebook |y 2023 |z 0 | ||
| 999 | |d 311963 | ||